Statistics for Valyrian steel swords

Click here to take the quiz!

General Stats

  • This quiz has been taken 947 times
  • The average score is 5 of 11

Answer Stats

HintAnswer% Correct
House StarkIce
99%
House LannisterOathkeeper
77%
House MormontLongclaw
74%
House LannisterWidow's wail
62%
House TarlyHeartsbane
48%
House TargaryenBlackfyre
38%
House TargaryenDark sister
36%
House LannisterBrightRoar
31%
House CorbrayLady Forlorn
20%
House DrummRed rain
20%
House HarlawNightfall
13%

Score Distribution

Percentile by Number Answered

Percent of People with Each Score

Your Score History

You have not taken this quiz